[Event "4th RAPID open MGU"]
[Site "Sofia"]
[Date "2017.09.22"]
[Round "1.1"]
[White "Vasilev, Nikolai"]
[Black "Angelov, Georgi"]
[Result "1-0"]
[WhiteElo "2305"]
[BlackElo "1598"]
[PlyCount "65"]
[EventDate "2017.09.22"]
[EventType "swiss (rapid)"]
[EventRounds "6"]
[EventCountry "BUL"]

1. e4 c5 2. Nf3 d6 3. d4 cxd4 4. Nxd4 Nf6 5. Nc3 g6 6. Be3 Bg7 7. f3 Bd7 8. Qd2
Nc6 9. O-O-O Rc8 10. h4 a6 11. g4 b5 12. h5 Ne5 13. h6 Bf8 14. Kb1 Nc4 15. Bxc4
Rxc4 16. g5 Nh5 17. Nde2 b4 18. Nd5 a5 19. Bb6 Qc8 20. Bxa5 Be6 21. Bxb4 Qb7
22. Bc3 Rg8 23. b3 Bxd5 24. exd5 e5 25. dxe6 fxe6 26. Bb2 Rc7 27. f4 Be7 28.
Rhe1 Kf7 29. Nd4 Rgc8 30. Rxe6 Rxc2 31. Rxe7+ Qxe7 32. Nxc2 Qe4 33. Qd5+ 1-0

[Event "4th RAPID open MGU"]
[Site "Sofia"]
[Date "2017.09.22"]
[Round "1.3"]
[White "Shumantov, Aleksandar"]
[Black "Simeonov, Daniel"]
[Result "1-0"]
[WhiteElo "1891"]
[BlackElo "1528"]
[PlyCount "95"]
[EventDate "2017.09.22"]
[EventType "swiss (rapid)"]
[EventRounds "6"]
[EventCountry "BUL"]

1. d4 e6 2. c4 g6 3. Nc3 Bg7 4. e4 a6 5. Nge2 d6 6. Ng3 c6 7. Be2 Ne7 8. h4 h5
9. Bg5 Nd7 10. Qd2 b5 11. a3 Qa5 12. O-O bxc4 13. Bxc4 Nf6 14. Rad1 Qc7 15. Qf4
Nh7 16. Bh6 O-O 17. Bxg7 Kxg7 18. e5 d5 19. Be2 Nf5 20. Nxf5+ exf5 21. Rc1 Be6
22. Bf3 Qd7 23. Na4 Rfc8 24. Nb6 Qb7 25. Nxc8 Rxc8 26. Rc2 Bd7 27. Rfc1 Qb3 28.
Qd2 Rb8 29. Qa5 Qb7 30. Be2 Qa7 31. Rd1 Nf8 32. Qxa6 Qc7 33. b4 Ne6 34. b5 Rb6
35. Qa5 Qb7 36. a4 Nf4 37. Bf1 cxb5 38. axb5 Ne6 39. g3 Nc7 40. Rc5 Qb8 41.
Rdc1 Ne6 42. Rxd5 Rb7 43. Rd6 Ra7 44. Ra6 Rb7 45. Ra8 Rxb5 46. Bxb5 Qxb5 47.
Qxb5 Bxb5 48. Rcc8 1-0

[Event "4th RAPID open MGU"]
[Site "Sofia"]
[Date "2017.09.22"]
[Round "1.4"]
[White "Doychev, Ivan"]
[Black "Patev, Petko"]
[Result "0-1"]
[WhiteElo "1313"]
[BlackElo "1869"]
[PlyCount "148"]
[EventDate "2017.09.22"]
[EventType "swiss (rapid)"]
[EventRounds "6"]
[EventCountry "BUL"]

1. e4 e5 2. Nf3 d6 3. Bc4 c6 4. d4 Nd7 5. Ng5 Nh6 6. Nc3 Qc7 7. Bb3 exd4 8.
Qxd4 Nc5 9. Bf4 Nxb3 10. axb3 f6 11. Nf3 Nf7 12. O-O a6 13. Rad1 Bg4 14. Qe3
Ne5 15. Bxe5 dxe5 16. h3 Be6 17. Rd2 Be7 18. Rfd1 O-O 19. Na4 Rad8 20. Nc5 Bc8
21. Nh4 Qb6 22. Rxd8 Rxd8 23. Rxd8+ Qxd8 24. Qd3 Qa5 25. Nd7 Qe1+ 26. Kh2 Qxf2
27. Nf5 Bf8 28. Nxf8 Bxf5 29. exf5 Kxf8 30. Qd8+ Kf7 31. Qd7+ Kf8 32. Qd6+ Kf7
33. Qe6+ Kf8 34. Qc8+ Ke7 35. Qxb7+ Kd6 36. Qb8+ Kd7 37. Qb7+ Kd6 38. Qxa6 Qxf5
39. Qa3+ Ke6 40. Qc5 Qf4+ 41. g3 Qd2+ 42. Kg1 Qd5 43. Qxd5+ Kxd5 44. Kf2 f5 45.
Ke3 g5 46. Kd3 h5 47. c4+ Kc5 48. Kc3 g4 49. b4+ Kd6 50. hxg4 hxg4 51. Kd3 f4
52. gxf4 exf4 53. Ke4 f3 54. Ke3 Ke5 55. b3 Kd6 56. Kf2 Ke6 57. Kg3 Ke5 58. c5
Kd4 59. Kf2 Kd5 60. Kg3 Ke6 61. Kf2 Kd7 62. Ke3 Kc8 63. Kf2 Kb7 64. Kg3 Ka6 65.
Kf2 Kb5 66. Ke3 Kxb4 67. Kf4 f2 68. Kxg4 f1=Q 69. Kg3 Kxc5 70. b4+ Kd4 71. Kg4
Ke4 72. b5 Qg1+ 73. Kh4 Kf4 74. Kh3 Qg3# 0-1

[Event "4th RAPID open MGU"]
[Site "Sofia"]
[Date "2017.09.22"]
[Round "2.1"]
[White "Patev, Petko"]
[Black "Vasilev, Nikolai"]
[Result "0-1"]
[WhiteElo "1869"]
[BlackElo "2305"]
[PlyCount "66"]
[EventDate "2017.09.22"]
[EventType "swiss (rapid)"]
[EventRounds "6"]
[EventCountry "BUL"]

1. e4 c5 2. Nc3 Nc6 3. f4 g6 4. Nf3 Bg7 5. g3 e6 6. Bg2 d6 7. O-O Nge7 8. d3
O-O 9. h3 Rb8 10. a4 a6 11. Ne2 b5 12. axb5 axb5 13. c3 b4 14. d4 bxc3 15. bxc3
Qb6 16. Kh1 cxd4 17. cxd4 Ba6 18. Be3 Bxe2 19. Qxe2 Nxd4 20. Qd3 Qb3 21. Qxb3
Nxb3 22. Ra6 Nc5 23. Rxd6 Nxe4 24. Rd7 Nxg3+ 25. Kh2 Nxf1+ 26. Bxf1 Nd5 27. Bd2
Rfd8 28. Ra7 Rb2 29. Kg3 Nf6 30. Be3 Ne4+ 31. Kg4 f5+ 32. Kh4 Bf6+ 33. Ng5 h6
0-1

[Event "4th RAPID open MGU"]
[Site "Sofia"]
[Date "2017.09.22"]
[Round "2.3"]
[White "Vladov, Lyubomir"]
[Black "Shumantov, Aleksandar"]
[Result "1-0"]
[WhiteElo "1733"]
[BlackElo "1891"]
[PlyCount "69"]
[EventDate "2017.09.22"]
[EventType "swiss (rapid)"]
[EventRounds "6"]
[EventCountry "BUL"]

1. e4 c5 2. d4 e6 3. Nf3 cxd4 4. Nxd4 Nf6 5. Nc3 Bb4 6. Bd3 Bxc3+ 7. bxc3 a6 8.
O-O Nc6 9. Kh1 d6 10. f4 e5 11. Nxc6 bxc6 12. fxe5 dxe5 13. Ba3 Qc7 14. Qe1 c5
15. Qg3 Nh5 16. Qg5 g6 17. Qe3 c4 18. Be2 Nf4 19. Rad1 f6 20. g3 Nxe2 21. Qxe2
f5 22. Bd6 Qc6 23. Bxe5 O-O 24. Rd6 Qc5 25. Rd5 Qe7 26. Bd6 Qe6 27. Bxf8 Kxf8
28. Qxc4 Qe7 29. exf5 Bb7 30. fxg6+ Kg8 31. gxh7+ Kxh7 32. Qd3+ Kg8 33. c4 Qe6
34. Kg1 Qb6+ 35. Qd4 1-0

[Event "4th RAPID open MGU"]
[Site "Sofia"]
[Date "2017.09.22"]
[Round "2.4"]
[White "Angelov, Georgi"]
[Black "Mladenov, Hristo"]
[Result "0-1"]
[WhiteElo "1598"]
[BlackElo "1231"]
[PlyCount "132"]
[EventDate "2017.09.22"]
[EventType "swiss (rapid)"]
[EventRounds "6"]
[EventCountry "BUL"]

1. d4 Nf6 2. c4 g6 3. Nc3 Bg7 4. e4 d6 5. f3 O-O 6. Be3 Nbd7 7. Qd2 e5 8. d5 b6
9. Bh6 Bh8 10. Bxf8 Qxf8 11. Bd3 Bg7 12. Nge2 Bh6 13. Qc2 Be3 14. Nd1 Bh6 15.
O-O Nc5 16. b4 Ncd7 17. Nf2 Be3 18. Rae1 Qe7 19. Ng3 Bh6 20. Nh3 Nf8 21. Nf2
Bg7 22. Nd1 h6 23. f4 exf4 24. Rxf4 N6d7 25. Ref1 Nb8 26. Rxf7 Bd4+ 27. Kh1
Qxf7 28. Rxf7 Kxf7 29. Ne2 Bg7 30. c5 Nbd7 31. cxd6 cxd6 32. Qc7 Rb8 33. Qxd6
Rb7 34. Ba6 Be5 35. Bxb7 Bxd6 36. Bxc8 Bxb4 37. Ndc3 Nc5 38. Kg1 Kf6 39. Kf2
Nh7 40. Ke3 Ng5 41. Bg4 Ke5 42. Bf3 Nd7 43. h4 Bc5+ 44. Kd3 Nf7 45. Nb5 a6 46.
Nc7 a5 47. Nb5 Be7 48. h5 Nc5+ 49. Kc4 gxh5 50. Bxh5 Ng5 51. Nec3 Ncxe4 52.
Nxe4 Nxe4 53. Bf3 Nd2+ 54. Kd3 Nxf3 55. gxf3 h5 56. d6 Bxd6 57. Nxd6 Kxd6 58.
Ke4 h4 59. Kf4 b5 60. Kg4 a4 61. Kxh4 b4 62. Kg5 b3 63. axb3 axb3 64. f4 b2 65.
f5 b1=Q 66. Kg6 Ke5 0-1

[Event "4th RAPID open MGU"]
[Site "Sofia"]
[Date "2017.09.22"]
[Round "2.5"]
[White "Mladenov, Mladen"]
[Black "Doychev, Ivan"]
[Result "0-1"]
[WhiteElo "1765"]
[BlackElo "1313"]
[PlyCount "88"]
[EventDate "2017.09.22"]
[EventType "swiss (rapid)"]
[EventRounds "6"]
[EventCountry "BUL"]

1. e4 c5 2. c3 e6 3. Nf3 Nf6 4. e5 Nd5 5. d4 cxd4 6. cxd4 d6 7. Bb5+ Nc6 8. O-O
a6 9. Ba4 b5 10. Bc2 Bb7 11. Nc3 dxe5 12. Nxe5 Nxe5 13. dxe5 Nb4 14. Qe2 Nxc2
15. Qxc2 Rc8 16. Rd1 Qb6 17. Qe2 Qc6 18. f3 Bc5+ 19. Be3 O-O 20. Bxc5 Qxc5+ 21.
Kh1 Rfd8 22. Rxd8+ Rxd8 23. Ne4 Qxe5 24. Rd1 Rc8 25. Qd3 h6 26. Qd7 Rc7 27.
Qd8+ Kh7 28. Nd6 Qc5 29. Nxb7 Rxb7 30. Qd3+ Qf5 31. Qc3 Rd7 32. Rc1 Qd3 33. Qe1
Qd2 34. Qxd2 Rxd2 35. Rb1 Kg6 36. Kg1 e5 37. b4 Rxa2 38. h3 Kf5 39. Kh2 Kf4 40.
Rb3 f5 41. Kg1 Ra4 42. Rb1 e4 43. fxe4 g6 44. Kf1 Ke3 0-1

[Event "4th RAPID open MGU"]
[Site "Sofia"]
[Date "2017.09.22"]
[Round "4.1"]
[White "Vladov, Lyubomir"]
[Black "Vasilev, Nikolai"]
[Result "1-0"]
[WhiteElo "1733"]
[BlackElo "2305"]
[PlyCount "63"]
[EventDate "2017.09.22"]
[EventType "swiss (rapid)"]
[EventRounds "6"]
[EventCountry "BUL"]

1. e4 c5 2. d4 cxd4 3. c3 dxc3 4. Nxc3 Nc6 5. Nf3 d6 6. Bc4 Nf6 7. O-O e6 8.
Qe2 Be7 9. Rd1 Qc7 10. Bf4 e5 11. Bg5 Bg4 12. h3 Nd4 13. Rxd4 exd4 14. Nb5 Qb6
15. hxg4 h6 16. Bf4 Nxg4 17. Nbxd4 O-O 18. Nf5 Rfe8 19. N3d4 Ne5 20. Bxe5 dxe5
21. Qg4 Bf8 22. Nb5 a6 23. Nbd6 Re6 24. Bxe6 fxe6 25. Nxh6+ Kh7 26. Nc4 Qd4 27.
Nf7 Qxc4 28. Ng5+ Kh6 29. Nf7+ Kh7 30. Qh5+ Kg8 31. Ng5 g6 32. Qh7# 1-0

[Event "4th RAPID open MGU"]
[Site "Sofia"]
[Date "2017.09.22"]
[Round "4.2"]
[White "Shumantov, Aleksandar"]
[Black "Doychev, Ivan"]
[Result "1-0"]
[WhiteElo "1891"]
[BlackElo "1313"]
[PlyCount "63"]
[EventDate "2017.09.22"]
[EventType "swiss (rapid)"]
[EventRounds "6"]
[EventCountry "BUL"]

1. e4 c5 2. c3 e6 3. d4 cxd4 4. cxd4 Nf6 5. Bd3 Nc6 6. Nf3 Nb4 7. Nc3 Nxd3+ 8.
Qxd3 Bb4 9. O-O b6 10. e5 Bxc3 11. exf6 gxf6 12. bxc3 Bb7 13. c4 f5 14. Bf4 Be4
15. Qe3 Rg8 16. Ng5 Bb7 17. d5 h6 18. Nf3 Qf6 19. Bxh6 Qg6 20. g3 Qg4 21. Ne5
Qh3 22. Bg5 Rh8 23. Nf3 Rc8 24. Qa3 Rc5 25. Qxa7 Rxc4 26. Qxb7 f6 27. dxe6 dxe6
28. Rac1 Rh7 29. Qb8+ Kf7 30. Rxc4 Kg6 31. Qg8+ Kh5 32. Qxh7# 1-0

[Event "4th RAPID open MGU"]
[Site "Sofia"]
[Date "2017.09.22"]
[Round "4.3"]
[White "Patev, Petko"]
[Black "Mladenov, Hristo"]
[Result "1-0"]
[WhiteElo "1869"]
[BlackElo "1231"]
[PlyCount "45"]
[EventDate "2017.09.22"]
[EventType "swiss (rapid)"]
[EventRounds "6"]
[EventCountry "BUL"]

1. e4 c6 2. d4 d5 3. e5 e6 4. Nc3 c5 5. dxc5 Bxc5 6. Nf3 Qb6 7. Qd2 Bd7 8. Bd3
Ne7 9. O-O Ng6 10. a3 Qc7 11. Re1 Nc6 12. b4 Be7 13. Nb5 Qb8 14. Bb2 a6 15.
Nd6+ Bxd6 16. exd6 O-O 17. c4 Qxd6 18. cxd5 Qxd5 19. Rad1 Rad8 20. Qc3 e5 21.
Bxg6 Qe6 22. Be4 f6 23. Bd5 1-0

[Event "4th RAPID open MGU"]
[Site "Sofia"]
[Date "2017.09.22"]
[Round "4.5"]
[White "Simeonov, Daniel"]
[Black "Galyov, Yanislav"]
[Result "0-1"]
[WhiteElo "1528"]
[BlackElo "1831"]
[PlyCount "96"]
[EventDate "2017.09.22"]
[EventType "swiss (rapid)"]
[EventRounds "6"]
[EventCountry "BUL"]

1. d4 Nf6 2. e3 g6 3. c4 c5 4. Nf3 Bg7 5. Nc3 O-O 6. Bd3 cxd4 7. exd4 d6 8. O-O
Nc6 9. a3 Bg4 10. Be2 a6 11. h3 Bf5 12. Be3 Ne4 13. Rc1 Nxc3 14. bxc3 Qa5 15.
Qb3 Rab8 16. a4 Qc7 17. Qd1 Na5 18. Nd2 Rbc8 19. g4 Bd7 20. Bd3 f5 21. Qe2 f4
22. Bxf4 Rxf4 23. Qxe7 Rf7 24. Qe2 Re8 25. Qd1 Nc6 26. Ne4 Rfe7 27. Qf3 Nd8 28.
c5 dxc5 29. Nxc5 Bc6 30. d5 Rf8 31. Qg2 Be8 32. Ne4 Qf4 33. c4 Bxa4 34. c5 Bb3
35. d6 Ref7 36. Bc4 Bxc4 37. Rxc4 Qe5 38. Rc2 Rf4 39. Re1 Kh8 40. Rce2 Qd4 41.
Qg3 a5 42. Qe3 Qd5 43. Rd2 Qc6 44. d7 Rf3 45. Rd6 Rxe3 46. Rxe3 Qa4 47. Rd2 Qc4
48. Rde2 Bd4 0-1

[Event "4th RAPID open MGU"]
[Site "Sofia"]
[Date "2017.09.22"]
[Round "5.1"]
[White "Patev, Petko"]
[Black "Vladov, Lyubomir"]
[Result "1-0"]
[WhiteElo "1869"]
[BlackElo "1733"]
[PlyCount "83"]
[EventDate "2017.09.22"]
[EventType "swiss (rapid)"]
[EventRounds "6"]
[EventCountry "BUL"]

1. e4 c5 2. Nc3 Nc6 3. f4 d6 4. Nf3 g6 5. g3 Bg7 6. Bg2 e6 7. O-O Nge7 8. Ne2
Qb6 9. c3 O-O 10. d3 Rb8 11. g4 f5 12. h3 c4+ 13. Kh2 cxd3 14. Qxd3 Qc7 15. Ng3
b5 16. Nh4 b4 17. Bd2 a5 18. Rac1 b3 19. axb3 Rxb3 20. exf5 exf5 21. Qc4+ Kh8
22. Qxb3 fxg4 23. hxg4 Bxg4 24. Rce1 Bf6 25. Nf3 h5 26. Ne4 d5 27. Nxf6 Rxf6
28. Ng5 Rf5 29. Kg1 h4 30. Nh3 d4 31. cxd4 Nxd4 32. Bc3 Qc5 33. Rd1 Nec6 34.
Bxc6 Qxc6 35. Rxd4 Kh7 36. Ng5+ Kh6 37. Nf7+ Kh5 38. Ne5 Rxe5 39. fxe5 h3 40.
Rxg4 Kxg4 41. Qd1+ Kg3 42. Be1# 1-0

[Event "4th RAPID open MGU"]
[Site "Sofia"]
[Date "2017.09.22"]
[Round "5.2"]
[White "Vasilev, Nikolai"]
[Black "Shumantov, Aleksandar"]
[Result "1-0"]
[WhiteElo "2305"]
[BlackElo "1891"]
[PlyCount "50"]
[EventDate "2017.09.22"]
[EventType "swiss (rapid)"]
[EventRounds "6"]
[EventCountry "BUL"]

1. e4 c5 2. Nf3 Nc6 3. d4 cxd4 4. Nxd4 Nf6 5. Nc3 e5 6. Ndb5 d6 7. Bg5 a6 8.
Na3 b5 9. Bxf6 gxf6 10. Nd5 f5 11. c3 fxe4 12. Bxb5 axb5 13. Nxb5 Be6 14. Nbc7+
Kd7 15. Nxa8 Bxd5 16. Qxd5 Qxa8 17. O-O Qe8 18. Qxe4 Qe6 19. a4 f5 20. Qe2 d5
21. a5 Bd6 22. a6 Ra8 23. b4 d4 24. b5 Nb8 25. a7 dxc3 1-0

[Event "4th RAPID open MGU"]
[Site "Sofia"]
[Date "2017.09.22"]
[Round "5.4"]
[White "Galyov, Yanislav"]
[Black "Mladenov, Andrey"]
[Result "0-1"]
[WhiteElo "1831"]
[BlackElo "1558"]
[PlyCount "84"]
[EventDate "2017.09.22"]
[EventType "swiss (rapid)"]
[EventRounds "6"]
[EventCountry "BUL"]

1. d4 d5 2. Bf4 Nf6 3. Nc3 e6 4. Nf3 c6 5. a3 Be7 6. e3 O-O 7. Bd3 Nbd7 8. O-O
c5 9. dxc5 Nxc5 10. Be2 a6 11. Bg5 Nce4 12. Nxe4 Nxe4 13. Bxe7 Qxe7 14. c4 dxc4
15. Bxc4 Bd7 16. Bd3 Nf6 17. Ne5 Rfd8 18. Qb1 Be8 19. Be4 Nxe4 20. Qxe4 f6 21.
Nf3 Bc6 22. Qf4 e5 23. Qg3 Rd7 24. Nh4 Qe6 25. b4 Rd3 26. Nf3 Rad8 27. h3 Rb3
28. Rfc1 Rdd3 29. Ne1 Rdc3 30. Rxc3 Rxc3 31. Qh4 Qb3 32. Qg4 Kf7 33. Qh5+ Kg8
34. Qg4 h6 35. Qf5 Kf7 36. Qh5+ Kg8 37. Qf5 Qd5 38. Qc8+ Kf7 39. Qc7+ Kg6 40.
Qe7 Qd2 41. h4 Rc1 42. h5+ Kh7 0-1

[Event "4th RAPID open MGU"]
[Site "Sofia"]
[Date "2017.09.22"]
[Round "5.5"]
[White "Mladenov, Hristo"]
[Black "Angelov, Toma"]
[Result "0-1"]
[WhiteElo "1231"]
[BlackElo "1228"]
[PlyCount "36"]
[EventDate "2017.09.22"]
[EventType "swiss (rapid)"]
[EventRounds "6"]
[EventCountry "BUL"]

1. e4 e5 2. Nf3 Nf6 3. Nxe5 d6 4. Nf3 Nxe4 5. Be2 Nc6 6. O-O Bg4 7. Re1 d5 8.
Bb5 Bxf3 9. gxf3 f5 10. Bxc6+ Kf7 11. Bxd5+ Ke8 12. Bxe4 Qg5+ 13. Kh1 fxe4 14.
Rxe4+ Be7 15. d3 Qc5 16. Qe2 Qh5 17. Nd2 Qh4 18. Qe3 Qxh2+ 0-1

[Event "4th RAPID open MGU"]
[Site "Sofia"]
[Date "2017.09.22"]
[Round "6.2"]
[White "Mladenov, Andrey"]
[Black "Vasilev, Nikolai"]
[Result "0-1"]
[WhiteElo "1558"]
[BlackElo "2305"]
[PlyCount "53"]
[EventDate "2017.09.22"]
[EventType "swiss (rapid)"]
[EventRounds "6"]
[EventCountry "BUL"]

1. e4 c5 2. Nf3 d6 3. d4 cxd4 4. Nxd4 Nf6 5. Nc3 a6 6. Bc4 e6 7. Bb3 Nbd7 8.
O-O Nc5 9. f4 Qc7 10. f5 Nxb3 11. axb3 e5 12. Nde2 b5 13. Ng3 h5 14. h4 b4 15.
Nd5 Nxd5 16. Qxd5 Bb7 17. Qd1 Rc8 18. Rf2 d5 19. exd5 Bc5 20. Qf3 Bxf2+ 21.
Kxf2 Qxc2+ 22. Kg1 Qc5+ 23. Be3 Qxd5 24. Qf1 Rc2 25. Bf2 O-O 26. Nxh5 Rfc8 27.
Ng3 0-1

[Event "4th RAPID open MGU"]
[Site "Sofia"]
[Date "2017.09.22"]
[Round "6.3"]
[White "Shumantov, Aleksandar"]
[Black "Patev, Petko"]
[Result "1-0"]
[WhiteElo "1891"]
[BlackElo "1869"]
[PlyCount "57"]
[EventDate "2017.09.22"]
[EventType "swiss (rapid)"]
[EventRounds "6"]
[EventCountry "BUL"]

1. d4 d5 2. c4 c6 3. Nc3 Nf6 4. e3 e6 5. Nf3 Be7 6. Qc2 O-O 7. cxd5 exd5 8. Bd3
h6 9. h3 Nbd7 10. Bd2 b5 11. g4 Nb6 12. b3 Nfd7 13. h4 b4 14. Ne2 c5 15. g5 h5
16. g6 fxg6 17. Ng5 Nf6 18. dxc5 Nbd7 19. Ne6 Qa5 20. Nxf8 Nxf8 21. c6 Bg4 22.
Nd4 Bc5 23. Nb5 a6 24. Qxc5 axb5 25. Bxb4 Qc7 26. Bxb5 Bf3 27. Rh3 Bg4 28. Rg3
Ne4 29. Qxd5+ 1-0

[Event "4th RAPID open MGU"]
[Site "Sofia"]
[Date "2017.09.22"]
[Round "6.4"]
[White "Angelov, Georgi"]
[Black "Galyov, Yanislav"]
[Result "0-1"]
[WhiteElo "1598"]
[BlackElo "1831"]
[PlyCount "88"]
[EventDate "2017.09.22"]
[EventType "swiss (rapid)"]
[EventRounds "6"]
[EventCountry "BUL"]

1. d4 Nf6 2. c4 c5 3. d5 b5 4. b3 g6 5. Bb2 Bg7 6. Nf3 bxc4 7. bxc4 O-O 8. e3
Qb6 9. Qb3 Qa5+ 10. Nbd2 d6 11. Bd3 Na6 12. a3 Bd7 13. Bc3 Qc7 14. Rb1 Rab8 15.
Qc2 Rxb1+ 16. Nxb1 e5 17. O-O Nh5 18. Nbd2 f5 19. e4 Nf4 20. Rb1 Nb8 21. Bf1
Bc8 22. g3 Nh5 23. Ng5 h6 24. Ngf3 f4 25. Qb2 Nd7 26. Nh4 Kh7 27. g4 Nhf6 28.
f3 Nb6 29. Ba5 Qe7 30. Bxb6 axb6 31. Ng2 Nd7 32. Qb5 Bb7 33. Nb3 Ra8 34. a4 Ra7
35. a5 bxa5 36. Nxa5 Ba8 37. Nc6 Bxc6 38. Qxc6 Nf6 39. Rb6 Nxe4 40. fxe4 f3 41.
Ne3 Qg5 42. Rb3 Qf4 43. Qxd6 Ra2 44. Qxc5 Qxh2# 0-1

[Event "4th RAPID open MGU"]
[Site "Sofia"]
[Date "2017.09.22"]
[Round "6.5"]
[White "Simeonov, Daniel"]
[Black "Mladenov, Hristo"]
[Result "1/2-1/2"]
[WhiteElo "1528"]
[BlackElo "1231"]
[PlyCount "32"]
[EventDate "2017.09.22"]
[EventType "swiss (rapid)"]
[EventRounds "6"]
[EventCountry "BUL"]

1. d4 Nf6 2. c4 g6 3. e3 Bg7 4. Nc3 O-O 5. Bd3 d6 6. Rb1 Bg4 7. f3 Bc8 8. Nge2
Nbd7 9. Kf2 e5 10. d5 Nc5 11. Bc2 Re8 12. b4 Ncd7 13. Ng3 h6 14. Nge4 Nxe4+ 15.
Nxe4 f5 16. Nd2 Nf6 1/2-1/2